|
|
|
|
| LEADER |
01136nam a22003132a 4500 |
| 001 |
000912854 |
| 003 |
CZ BrMZK |
| 005 |
20181115154429.0 |
| 007 |
ta |
| 008 |
080918s1960 xr er|||||||||||eng d |
| 015 |
|
|
|a cnb000686455
|
| 035 |
|
|
|a (OCoLC)85463834
|
| 040 |
|
|
|a ABA001
|b cze
|c HKA001
|d ABA001
|
| 041 |
1 |
|
|a eng
|h cze
|
| 080 |
9 |
|
|a 522.2:523.7(021)=2
|
| 100 |
1 |
|
|a Budějický, Jaromír,
|d 1919-
|7 jk01020127
|4 aut
|
| 245 |
1 |
0 |
|a Sluneční radiový dalekohled pro vlnové délky 56 cm a 130 cm /
|c J. Budějický
|
| 246 |
3 |
1 |
|a Solar radio telescope for the wawelenghts of 56 and 130 cm
|
| 260 |
|
|
|a Praha :
|b ČSAV,
|c 1960
|
| 300 |
|
|
|a 44 s. ;
|c 8°
|
| 490 |
1 |
|
|a Publikace Astronomického ústavu ČSAV ;
|v čís. 44
|
| 504 |
|
|
|a Obsahuje bibliografii
|
| 546 |
|
|
|a Ruské resumé
|
| 830 |
|
0 |
|a Publikace Astronomického ústavu ČSAV
|
| 910 |
|
|
|a BOA001
|b TK-0089.917
|b X-0435.420
|
| 990 |
|
|
|a BK
|
| 991 |
|
|
|b 200809
|
| 996 |
6 |
|
|b 2618965713
|c X-0435.420
|l MZK
|r Sklad / do 24 hodin
|n 0
|w 000912854
|u 000020
|a 1
|e BOA001
|j MZK50
|s P
|
| 996 |
7 |
|
|b 2629947182
|c TK-0089.917
|l MZK
|r Sklad / do 24 hodin
|n 1
|w 000912854
|u 000010
|a 1
|e BOA001
|j MZK50
|s A
|